[Event "II Balkanski Grand Prix"]
[Site "Cetinje"]
[Date "2009.08.09"]
[Round "1.28"]
[White "Boshku, Harallamb"]
[Black "Draskovic, Davor"]
[Result "1/2-1/2"]
[WhiteElo "2309"]
[BlackElo "1702"]
[PlyCount "87"]
[EventDate "2009.??.??"]
[EventRounds "9"]

1. d4 Nf6 2. c4 e6 3. Nc3 Bb4 4. Qc2 O-O 5. a3 Bxc3+ 6. Qxc3 b6 7. Bg5 Bb7 8.
f3 h6 9. Bh4 d5 10. e3 Nbd7 11. cxd5 exd5 12. Bd3 c5 13. Bf5 cxd4 14. Qxd4 Qc7
15. Ne2 Qc5 16. Rc1 Qxd4 17. Nxd4 Rac8 18. Kf2 Rc5 19. Bxd7 Nxd7 20. Be7 Ne5
21. Bxc5 bxc5 22. Nf5 Nd3+ 23. Kg3 Nxc1 24. Rxc1 c4 25. Rd1 Re8 26. Kf2 Re6 27.
Nd4 Rb6 28. Rd2 Kf8 29. Ne2 Ke7 30. Nc3 Ke6 31. e4 dxe4 32. fxe4 Rd6 33. Rxd6+
Kxd6 34. Ke3 Ke5 35. g3 Bc6 36. h3 g5 37. h4 g4 38. Ne2 Bxe4 39. Nf4 Bf3 40.
Nh5 f5 41. Nf4 Bd5 42. Ng6+ Kf6 43. Nf4 Ke5 44. Ng6+ 1/2-1/2

[Event "II Balkanski Grand Prix"]
[Site "Cetinje"]
[Date "2009.08.09"]
[Round "1.29"]
[White "Djukanovic, Mitar"]
[Black "Batricevic, Sasa"]
[Result "0-1"]
[WhiteElo "1657"]
[BlackElo "2287"]
[PlyCount "50"]
[EventDate "2009.??.??"]
[EventRounds "9"]

1. d4 f5 2. e4 fxe4 3. Nc3 Nf6 4. Bg5 Nc6 5. d5 Ne5 6. Qd4 Nf7 7. h4 c6 8. Bxf6
gxf6 9. Nxe4 Qa5+ 10. Nc3 Bh6 11. Bc4 Ne5 12. f4 Nxc4 13. Qxc4 cxd5 14. Qxd5
Qc7 15. Qh5+ Kd8 16. Qxh6 b5 17. O-O-O Bb7 18. Nf3 Rc8 19. Rd2 b4 20. Ne2 Be4
21. Ne1 b3 22. axb3 Qa5 23. Kb1 Qxd2 24. Nc3 Rc6 25. Nxe4 Qd1+ 0-1

[Event "Memorijal Danilo - Dajo Batricevic"]
[Site "Cetinje"]
[Date "2009.08.10"]
[Round "2.1"]
[White "Iotov, Valentin"]
[Black "Nikac, Predrag"]
[Result "1/2-1/2"]
[WhiteElo "2603"]
[BlackElo "2361"]
[PlyCount "174"]
[EventDate "2009.08.09"]
[EventRounds "9"]

1. d4 Nf6 2. c4 e6 3. Nf3 c5 4. d5 exd5 5. cxd5 b5 6. Bg5 h6 7. Bxf6 Qxf6 8.
Qc2 Na6 9. e4 Qg6 10. Nbd2 Rb8 11. Be2 Be7 12. O-O d6 13. a4 Nb4 14. Qb3 a6 15.
axb5 axb5 16. Ra7 Bg5 17. Bxb5+ Rxb5 18. Nxg5 O-O 19. Ngf3 Bg4 20. Re1 Re8 21.
Qc4 Rbb8 22. Kf1 Qf6 23. b3 Qb2 24. Rb1 Qf6 25. h3 Bh5 26. Re1 Qb2 27. Rb1 Qf6
28. Rc1 g5 29. Qc3 Qxc3 30. Rxc3 Bg6 31. Re3 f5 32. exf5 Bxf5 33. Nc4 Rxe3 34.
Nxe3 Be4 35. Ng4 Nxd5 36. Nxh6+ Kf8 37. Nxg5 Bd3+ 38. Kg1 Rxb3 39. Ne6+ Ke8 40.
Ng7+ Kd8 41. Nf7+ Kc8 42. Nxd6+ Kb8 43. Rd7 c4 44. Ne6 Nf6 45. Rd8+ Ka7 46. Nc5
Rb1+ 47. Kh2 Bf1 48. Rf8 c3 49. Nc8+ Kb8 50. Ne7+ Kc7 51. Rc8+ Kd6 52. Nf5+ Ke5
53. Ne3 Bb5 54. Rd8 Rb2 55. Nd3+ Ke6 56. Nc5+ Ke7 57. Rd1 Rxf2 58. Rc1 c2 59.
Rxc2 Rxc2 60. Nxc2 Kd6 61. Nb3 Ba4 62. Nba1 Kc5 63. Kg3 Kc4 64. Kf4 Kd3 65. g4
Nd5+ 66. Kg5 Ke4 67. h4 Bd7 68. Nb3 Ke5 69. Nc5 Bc8 70. Nd3+ Ke4 71. Nc5+ Ke5
72. Nd3+ Ke4 73. Ndb4 Nf4 74. Nc6 Nh3+ 75. Kh5 Nf4+ 76. Kg5 Nh3+ 77. Kf6 Bxg4
78. Ne5 Bd1 79. Ne1 Nf4 80. Nf7 Nd5+ 81. Kg5 Ne3 82. Nd6+ Ke5 83. Nf7+ Ke4 84.
Kg6 Nf5 85. Ng5+ Kf4 86. Ng2+ Kg4 87. h5 Ne7+ 1/2-1/2

[Event "Memorijal Danilo - Dajo Batricevic"]
[Site "Cetinje"]
[Date "2009.08.10"]
[Round "2.2"]
[White "Nikcevic, Nebojsa"]
[Black "Kovacevic, Aleksandar"]
[Result "1/2-1/2"]
[WhiteElo "2381"]
[BlackElo "2575"]
[PlyCount "100"]
[EventDate "2009.08.09"]
[EventRounds "9"]

1. Nf3 c5 2. c4 b6 3. Nc3 Bb7 4. e4 e6 5. d4 cxd4 6. Nxd4 Nf6 7. f3 Nc6 8. Nxc6
dxc6 9. Qxd8+ Rxd8 10. Be3 Nd7 11. Be2 Bc5 12. Kf2 e5 13. Rhd1 Bxe3+ 14. Kxe3
Nc5 15. Rxd8+ Kxd8 16. Rd1+ Ke7 17. h4 Ne6 18. g3 f6 19. f4 Nd4 20. Bg4 Rd8 21.
Rd2 Rf8 22. fxe5 fxe5 23. Rf2 Rxf2 24. Kxf2 Kd6 25. Na4 Ba6 26. b3 b5 27. c5+
Ke7 28. Nb2 b4 29. Ke3 Bf1 30. Nd3 Bxd3 31. Kxd3 a5 32. Bc8 Kd8 33. Bg4 Kc7 34.
Bf5 h6 35. Bg6 Nb5 36. Bf7 Nd4 37. Bc4 Kd7 38. Kd2 Ke7 39. Ke3 Kf6 40. g4 Ke7
41. Kf2 Ne6 42. Bxe6 Kxe6 43. h5 Kf6 44. Kg2 g5 45. hxg6 Kxg6 46. Kh3 Kg5 47.
Kg3 h5 48. gxh5 Kxh5 49. Kh3 Kg5 50. Kg3 Kh5 1/2-1/2

[Event "Memorijal Danilo - Dajo Batricevic"]
[Site "Cetinje"]
[Date "2009.08.10"]
[Round "2.3"]
[White "Budimir, Boris"]
[Black "Blagojevic, Dragisa"]
[Result "0-1"]
[WhiteElo "2352"]
[BlackElo "2545"]
[PlyCount "60"]
[EventDate "2009.08.09"]
[EventRounds "9"]

1. e4 e5 2. Nf3 Nc6 3. Bc4 Bc5 4. O-O Nf6 5. d4 Bxd4 6. Nxd4 Nxd4 7. f4 d6 8.
fxe5 dxe5 9. Bg5 Qe7 10. Na3 Be6 11. c3 Bxc4 12. Nxc4 Ne6 13. Bxf6 Qc5+ 14. Kh1
Qxc4 15. Bxe5 O-O 16. Qg4 f5 17. Qg3 fxe4 18. Rfe1 Rf5 19. b3 Qc6 20. c4 Rg5
21. Qc3 Rd8 22. Bg3 Rd3 23. Qc2 Rdxg3 24. hxg3 Rh5+ 25. Kg1 Qc5+ 26. Qf2 Rh1+
27. Kxh1 Qxf2 28. Rxe4 Qxg3 29. Rf1 Qd6 30. Rf5 c6 0-1

[Event "Memorijal Danilo - Dajo Batricevic"]
[Site "Cetinje"]
[Date "2009.08.10"]
[Round "2.4"]
[White "Drasko, Milan"]
[Black "Galic, Ivan"]
[Result "1-0"]
[WhiteElo "2527"]
[BlackElo "2349"]
[PlyCount "109"]
[EventDate "2009.08.09"]
[EventRounds "9"]

1. Nf3 d5 2. g3 c6 3. Bg2 Bg4 4. O-O Nd7 5. d3 e5 6. c4 dxc4 7. dxc4 Qc7 8. Nc3
Ngf6 9. Qc2 Be7 10. b3 O-O 11. h3 Bh5 12. Nh4 Rfe8 13. g4 Bg6 14. Nxg6 hxg6 15.
Bb2 a5 16. e3 Rad8 17. Rad1 Nc5 18. Ne2 Rxd1 19. Rxd1 Rd8 20. Rxd8+ Bxd8 21. g5
Nfd7 22. h4 Be7 23. Bc3 Na6 24. Ng3 Bb4 25. Bb2 Be7 26. Qd2 Bb4 27. Qd1 Qd6 28.
Qxd6 Bxd6 29. Ne4 Bc7 30. Ba3 Nb4 31. Bxb4 axb4 32. Bh3 Nb8 33. c5 b6 34. cxb6
Bxb6 35. Kf1 Na6 36. Ke2 Kf8 37. Nd2 Bd8 38. Kd3 Be7 39. Bg2 c5 40. Kc4 f5 41.
Kd5 e4 42. Nc4 Nc7+ 43. Kc6 Ne8 44. Kd7 Nf6+ 45. gxf6 Bxf6 46. Ke6 Bxh4 47. Ne5
Bxf2 48. Nxg6+ Ke8 49. Kxf5 Bxe3 50. Kxe4 Bg1 51. Kd5 Kd7 52. Bh3+ Kc7 53. Ne5
g5 54. Bg4 Kb6 55. Nd7+ 1-0

[Event "Memorijal Danilo - Dajo Batricevic"]
[Site "Cetinje"]
[Date "2009.08.10"]
[Round "2.5"]
[White "Mijovic, Stefan"]
[Black "Bojkov, Dejan"]
[Result "0-1"]
[WhiteElo "2325"]
[BlackElo "2521"]
[PlyCount "158"]
[EventDate "2009.08.09"]
[EventRounds "9"]

1. e4 e5 2. Nf3 Nc6 3. Nc3 Nf6 4. Bb5 Bb4 5. O-O O-O 6. Bxc6 dxc6 7. d3 Nd7 8.
Ne2 Bd6 9. Ng3 c5 10. Bg5 f6 11. Be3 Nb8 12. Nd2 Nc6 13. Kh1 Be6 14. f4 exf4
15. Bxf4 Bxf4 16. Rxf4 Qd4 17. Qc1 Rad8 18. Nf5 Bxf5 19. Nf3 Qd6 20. Rxf5 Ne7
21. Rf4 Qe6 22. Nd2 f5 23. Nc4 Qh6 24. Qe3 Rfe8 25. Qf2 Rd4 26. Rf1 g5 27. Rf3
fxe4 28. Rf6 Ng6 29. Ne3 Rd7 30. Ng4 Qg7 31. Rxg6 Qxg6 32. Nf6+ Kg7 33. Nxd7 e3
34. Qe2 b6 35. Nf6 Rf8 36. Ng4 Rxf1+ 37. Qxf1 Qe6 38. Qe2 Qxa2 39. h3 Qa1+ 40.
Kh2 h5 41. Nxe3 Qxb2 42. Nd5 Qd4 43. Qe7+ Kg6 44. Qe6+ Kg7 45. Qd7+ Kg6 46.
Qc6+ Kf5 47. Ne7+ Ke5 48. Ng6+ Kf5 49. g4+ hxg4 50. hxg4+ Kxg4 51. Qe6+ Kf3 52.
Ne5+ Ke2 53. c4 Qf2+ 54. Kh3 Kd2 55. Qd5 Qh4+ 56. Kg2 g4 57. Kg1 Qg3+ 58. Kh1
a5 59. d4 Qh3+ 60. Kg1 Qe3+ 61. Kh1 Qxd4 62. Qg2+ Kc3 63. Qg3+ Kc2 64. Nxg4
Qd1+ 65. Kh2 Qe2+ 66. Kh1 a4 67. Ne3+ Kb2 68. Qe5+ Kb3 69. Qe4 a3 70. Qb1+ Qb2
71. Qd1+ Ka2 72. Nc2 c6 73. Qd3 b5 74. cxb5 cxb5 75. Kg2 c4 76. Qd2 Kb3 77.
Nd4+ Ka4 78. Nc2 a2 79. Qd1 Kb3 0-1

[Event "Memorijal Danilo - Dajo Batricevic"]
[Site "Cetinje"]
[Date "2009.08.10"]
[Round "2.6"]
[White "Nikolov, Momchil"]
[Black "Paulet, Iozefina"]
[Result "1-0"]
[WhiteElo "2517"]
[BlackElo "2327"]
[PlyCount "71"]
[EventDate "2009.08.09"]
[EventRounds "9"]

1. d4 Nf6 2. c4 e6 3. Nc3 Bb4 4. Qc2 c5 5. dxc5 O-O 6. a3 Bxc5 7. Nf3 b6 8. e4
Nc6 9. Bg5 h6 10. Bh4 e5 11. Be2 Bb7 12. O-O g5 13. Bg3 d6 14. Rad1 Qe7 15. b4
Nd4 16. Nxd4 Bxd4 17. Nb5 Nxe4 18. Nxd4 exd4 19. Rxd4 Rae8 20. Bh5 Nxg3 21.
hxg3 Rc8 22. Qd3 Kg7 23. Rd1 Rfd8 24. Rxd6 Rxd6 25. Qxd6 Qxd6 26. Rxd6 Rc7 27.
Rd4 Ba6 28. Be2 Kf6 29. f4 Ke6 30. Kf2 f6 31. Ke3 h5 32. Re4+ Kd6 33. c5+ bxc5
34. Bxa6 cxb4 35. axb4 Rc3+ 36. Bd3 1-0

[Event "Memorijal Danilo - Dajo Batricevic"]
[Site "Cetinje"]
[Date "2009.08.10"]
[Round "2.7"]
[White "Vulevic, Vjekoslav"]
[Black "Djukic, Nikola"]
[Result "0-1"]
[WhiteElo "2315"]
[BlackElo "2491"]
[PlyCount "46"]
[EventDate "2009.08.09"]
[EventRounds "9"]

1. e4 c6 2. Nc3 d5 3. Nf3 Bg4 4. Be2 e6 5. O-O Nf6 6. e5 Nfd7 7. Nd4 Bxe2 8.
Qxe2 c5 9. Nf3 Nc6 10. d3 Be7 11. Bf4 g5 12. Bg3 h5 13. h3 Qb6 14. Na4 Qb4 15.
b3 g4 16. hxg4 Qxg4 17. Qd2 h4 18. Qf4 Qh5 19. Bh2 h3 20. c4 d4 21. b4 Rg8 22.
Nxc5 Bxc5 23. bxc5 Rg4 0-1

[Event "Memorijal Danilo - Dajo Batricevic"]
[Site "Cetinje"]
[Date "2009.08.10"]
[Round "2.9"]
[White "Batricevic, Sasa"]
[Black "Miron, Lucian-Costin"]
[Result "1/2-1/2"]
[WhiteElo "2287"]
[BlackElo "2479"]
[PlyCount "73"]
[EventDate "2009.08.09"]
[EventRounds "9"]

1. e4 e5 2. Nf3 Nc6 3. Bb5 a6 4. Ba4 Nf6 5. d4 Nxd4 6. Nxd4 exd4 7. e5 Ne4 8.
Qxd4 Nc5 9. O-O Be7 10. Nc3 O-O 11. Bg5 Bxg5 12. Qxc5 Be7 13. Qe3 d5 14. Rad1
c6 15. Bb3 Kh8 16. Ne2 Qc7 17. c4 dxc4 18. Bxc4 b5 19. Bb3 Bf5 20. Ng3 Bg4 21.
f3 Be6 22. f4 Bxb3 23. Qxb3 c5 24. Nf5 c4 25. Qg3 g6 26. Nd6 Rad8 27. f5 Qc5+
28. Kh1 Bxd6 29. exd6 gxf5 30. d7 f6 31. Qh3 Rf7 32. Rfe1 Rfxd7 33. Rxd7 Rxd7
34. Re8+ Kg7 35. Qg3+ Kh6 36. Qh4+ Kg7 37. Qg3+ 1/2-1/2

[Event "Memorijal Danilo - Dajo Batricevic"]
[Site "Cetinje"]
[Date "2009.08.10"]
[Round "2.10"]
[White "Rajkovic, Dusan"]
[Black "Draganic, Veljko"]
[Result "1-0"]
[WhiteElo "2477"]
[BlackElo "2278"]
[PlyCount "69"]
[EventDate "2009.08.09"]
[EventRounds "9"]

1. d4 d5 2. c4 c6 3. Nf3 Nf6 4. e3 a6 5. b3 Bg4 6. Be2 e6 7. h3 Bb4+ 8. Bd2
Bxd2+ 9. Nbxd2 Bh5 10. g4 Bg6 11. Ne5 Nfd7 12. Nxg6 hxg6 13. Qc2 Qf6 14. Rd1
Nb6 15. Qc3 N8d7 16. c5 Nc8 17. e4 dxe4 18. Nxe4 Qf4 19. Qe3 Qxe3 20. fxe3 Nf6
21. Nd2 Nd5 22. Nc4 b5 23. cxb6 Ncxb6 24. Nxb6 Nxb6 25. Rc1 Kd7 26. e4 Kc7 27.
O-O Rxh3 28. Rxf7+ Nd7 29. Bf3 Rf8 30. Rxf8 Nxf8 31. Kg2 Rh6 32. e5 g5 33.
Rxc6+ Kd7 34. Be4 Ng6 35. Rd6+ 1-0

[Event "Memorijal Danilo - Dajo Batricevic"]
[Site "Cetinje"]
[Date "2009.08.10"]
[Round "2.11"]
[White "Brajovic, Radovan"]
[Black "Cebalo, Miso"]
[Result "0-1"]
[WhiteElo "2245"]
[BlackElo "2476"]
[PlyCount "62"]
[EventDate "2009.08.09"]
[EventRounds "9"]

1. e4 c5 2. Nf3 d6 3. Bb5+ Nc6 4. O-O Bd7 5. Re1 Nf6 6. c3 a6 7. Bf1 e5 8. h3
g6 9. d4 cxd4 10. cxd4 exd4 11. Nxd4 Bg7 12. Nxc6 Bxc6 13. Nc3 O-O 14. Bg5 h6
15. Bf4 Re8 16. Qd2 g5 17. Bxd6 Nxe4 18. Nxe4 Bxe4 19. Re3 Qb6 20. Rae1 Qc6 21.
Qe2 Qxd6 22. Rxe4 Rf8 23. h4 Rad8 24. hxg5 hxg5 25. Qg4 Qf6 26. b3 Rd2 27. R1e2
Rfd8 28. Re8+ Rxe8 29. Rxe8+ Bf8 30. Rxf8+ Kxf8 31. Qb4+ Qd6 0-1

[Event "Memorijal Danilo - Dajo Batricevic"]
[Site "Cetinje"]
[Date "2009.08.10"]
[Round "2.12"]
[White "Stojanovic, Dalibor"]
[Black "Padurariu, Ioana-Smaranda"]
[Result "1-0"]
[WhiteElo "2471"]
[BlackElo "2238"]
[PlyCount "39"]
[EventDate "2009.08.09"]
[EventRounds "9"]

1. e4 c5 2. Nf3 e6 3. Nc3 Nc6 4. Bb5 Nd4 5. O-O a6 6. Bd3 Ne7 7. b3 Nec6 8. Bb2
Be7 9. Nxd4 Nxd4 10. f4 b5 11. Kh1 d6 12. a4 b4 13. Ne2 Nxe2 14. Qxe2 O-O 15.
Rf3 f5 16. exf5 exf5 17. Bc4+ Kh8 18. Rh3 Qe8 19. Re1 Ra7 20. Rg3 1-0

[Event "Memorijal Danilo - Dajo Batricevic"]
[Site "Cetinje"]
[Date "2009.08.10"]
[Round "2.13"]
[White "Vucinic, Pero"]
[Black "Bogut, Zeljko"]
[Result "0-1"]
[WhiteElo "2226"]
[BlackElo "2451"]
[PlyCount "120"]
[EventDate "2009.08.09"]
[EventRounds "9"]

1. e4 Nf6 2. Nc3 d6 3. d4 c6 4. Nf3 Bg4 5. Be2 e6 6. O-O Be7 7. Be3 O-O 8. Nd2
Bxe2 9. Qxe2 d5 10. exd5 cxd5 11. Nd1 Nc6 12. c3 a6 13. f4 Bd6 14. Nf2 b5 15.
a3 Na5 16. Ng4 Nc4 17. Nxf6+ Qxf6 18. Nxc4 bxc4 19. Rae1 Rfe8 20. Bc1 g6 21.
Qg4 h5 22. Qe2 Qf5 23. Rf2 Rab8 24. Qc2 Qxc2 25. Rxc2 Kf8 26. Kf2 Ke7 27. Kf3
Kd7 28. Rf2 Kc6 29. Ke2 Rh8 30. Kd1 h4 31. Rf3 h3 32. g3 Kd7 33. Rf2 f6 34.
Rfe2 Rbe8 35. Re3 g5 36. Rf3 g4 37. Rff1 Rh5 38. Re2 Rf5 39. Ref2 Rh5 40. Re2
Rf5 41. Ref2 Rh8 42. Bd2 Rh7 43. Bc1 e5 44. Be3 Ke6 45. fxe5 Rxf2 46. Rxf2 fxe5
47. dxe5 Bxe5 48. Bf4 Bf6 49. Re2+ Kf5 50. Bd6 d4 51. cxd4 Bxd4 52. Rc2 Rd7 53.
Bb4 Ke4 54. Ke2 Rf7 55. Be1 Kd5 56. Rd2 Rb7 57. Bf2 Rxb2 58. Rxb2 Bxb2 59. a4
Ke4 60. Bc5 c3 0-1

[Event "Memorijal Danilo - Dajo Batricevic"]
[Site "Cetinje"]
[Date "2009.08.10"]
[Round "2.14"]
[White "Kalezic, Blazo"]
[Black "Bukvic, Mihailo"]
[Result "1-0"]
[WhiteElo "2445"]
[BlackElo "2223"]
[PlyCount "113"]
[EventDate "2009.08.09"]
[EventRounds "9"]

1. e4 e5 2. Nf3 Nc6 3. Bb5 a6 4. Ba4 d6 5. c3 Bg4 6. h3 Bh5 7. d3 Nf6 8. Nbd2
Be7 9. Nf1 O-O 10. Ng3 Bg6 11. Nh4 d5 12. Nxg6 hxg6 13. Qe2 b5 14. Bb3 Na5 15.
Bc2 c5 16. O-O Bd6 17. Bg5 d4 18. cxd4 cxd4 19. h4 Qd7 20. Bd1 Nc6 21. h5 Nxh5
22. Nxh5 gxh5 23. Qxh5 Be7 24. f4 exf4 25. Rxf4 Bxg5 26. Qxg5 Qe7 27. Qh5 g6
28. Qh6 Qe5 29. Bb3 Qg7 30. Qg5 Rae8 31. Raf1 Nd8 32. Qg4 Qh6 33. R1f3 Ne6 34.
Bxe6 Rxe6 35. Rxf7 Rxf7 36. Qxe6 Qc1+ 37. Kh2 Qh6+ 38. Qh3 Qxh3+ 39. Kxh3 Rh7+
40. Kg3 Kg7 41. Rf1 Rh8 42. Rc1 Rb8 43. Rc7+ Kh6 44. Rd7 Rc8 45. Rxd4 Rc2 46.
Rb4 Kg5 47. Kf3 Rd2 48. Rb3 Kh4 49. e5 Kg5 50. g4 Rh2 51. Ra3 Rh3+ 52. Ke4 Kxg4
53. Rxa6 g5 54. a4 bxa4 55. Rxa4 Rh1 56. e6 Kg3 57. Kf5 1-0

[Event "Memorijal Danilo - Dajo Batricevic"]
[Site "Cetinje"]
[Date "2009.08.10"]
[Round "2.15"]
[White "Ivanovic, Bozidar"]
[Black "Potpara, Nikola"]
[Result "1-0"]
[WhiteElo "2415"]
[BlackElo "1838"]
[PlyCount "45"]
[EventDate "2009.08.09"]
[EventRounds "9"]

1. e4 c5 2. Nf3 e6 3. d4 cxd4 4. Nxd4 Nc6 5. Nc3 Qc7 6. Be2 a6 7. O-O Nf6 8.
Kh1 h5 9. Nxc6 bxc6 10. f4 d5 11. Qd3 Ng4 12. Bd2 Bc5 13. Be1 g5 14. Bxg4 hxg4
15. Bg3 gxf4 16. Bxf4 Bd6 17. Ne2 a5 18. Qc3 e5 19. Bg3 d4 20. Nxd4 exd4 21.
Qxd4 Rh6 22. Qg7 Bxg3 23. Qg8+ 1-0

[Event "Memorijal Danilo - Dajo Batricevic"]
[Site "Cetinje"]
[Date "2009.08.10"]
[Round "2.17"]
[White "Miladinovic, Igor"]
[Black "Boshku, Harallamb"]
[Result "1-0"]
[WhiteElo "2570"]
[BlackElo "2309"]
[PlyCount "53"]
[EventDate "2009.08.09"]
[EventRounds "9"]

1. d4 d5 2. Bg5 Nd7 3. c4 c6 4. cxd5 cxd5 5. Nc3 Ngf6 6. e3 e6 7. Bd3 Be7 8. f4
h6 9. Bh4 Ne4 10. Bxe7 Nxc3 11. bxc3 Qxe7 12. Nf3 O-O 13. g4 f6 14. Bc2 Rd8 15.
Qd3 Nf8 16. g5 hxg5 17. fxg5 f5 18. h4 Bd7 19. h5 Rac8 20. g6 Be8 21. h6 Qc7
22. Kd2 Qc4 23. Qxc4 Rxc4 24. Ne5 Rc7 25. Rag1 Nd7 26. Nf7 Bxf7 27. gxf7+ 1-0

[Event "Memorijal Danilo - Dajo Batricevic"]
[Site "Cetinje"]
[Date "2009.08.10"]
[Round "2.18"]
[White "Draskovic, Davor"]
[Black "Krivokapic, Marko"]
[Result "0-1"]
[WhiteElo "1702"]
[BlackElo "2416"]
[PlyCount "104"]
[EventDate "2009.08.09"]
[EventRounds "9"]

1. e4 c5 2. Nf3 d6 3. d4 cxd4 4. Nxd4 Nf6 5. Nc3 a6 6. Bg5 e6 7. f4 Nbd7 8. Qf3
Be7 9. O-O-O Qc7 10. g4 h6 11. Bxf6 Nxf6 12. Bg2 g6 13. f5 Bd7 14. h4 O-O-O 15.
g5 hxg5 16. hxg5 Rxh1 17. Rxh1 Nh5 18. f6 Bf8 19. Bh3 Qc5 20. Qe3 Kb8 21. Kd2
Nf4 22. Nf3 Nxh3 23. Qxc5 dxc5 24. Rxh3 Bc6+ 25. Ke3 Bd6 26. e5 Bc7 27. Ne4 b6
28. Rh2 Kb7 29. Rh7 Rd7 30. Nh4 Bxe5 31. Nxg6 fxg6 32. Rxd7+ Bxd7 33. f7 Bg7
34. Nf6 Kc6 35. Nh7 Kd5 36. f8=Q Bxf8 37. Nxf8 Be8 38. Kf4 e5+ 39. Ke3 b5 40.
Kd3 e4+ 41. Ke3 Ke5 42. Nh7 Bc6 43. a3 a5 44. Nf8 Kf5 45. Nh7 Kg4 46. b3 b4 47.
a4 Kf5 48. Kf2 Kf4 49. Nf8 Kf5 50. Nh7 c4 51. Nf8 cxb3 52. cxb3 Bxa4 0-1

[Event "Memorijal Danilo - Dajo Batricevic"]
[Site "Cetinje"]
[Date "2009.08.10"]
[Round "2.19"]
[White "Vukcevic, Nemanja"]
[Black "Kadric, Denis"]
[Result "1-0"]
[WhiteElo "1996"]
[BlackElo "2156"]
[PlyCount "53"]
[EventDate "2009.08.09"]
[EventRounds "9"]

1. e4 c5 2. Nf3 d6 3. d4 cxd4 4. Nxd4 Nf6 5. Nc3 a6 6. Be3 e5 7. Nb3 Be6 8. f3
Nbd7 9. Qd2 Be7 10. O-O-O O-O 11. g4 Rc8 12. g5 Nh5 13. Rg1 Nb6 14. Qf2 Nc4 15.
Bxc4 Rxc4 16. Nd5 b5 17. Qh4 g6 18. Bb6 Qd7 19. Nf6+ Bxf6 20. gxf6 Kh8 21. Bc5
Rc8 22. Rxd6 Qc7 23. Rgd1 h6 24. Qf2 Rxc5 25. Nxc5 Qxc5 26. Qxc5 Rxc5 27. Rxe6
1-0

[Event "Memorijal Danilo - Dajo Batricevic"]
[Site "Cetinje"]
[Date "2009.08.10"]
[Round "2.21"]
[White "Dabetic, Radojica"]
[Black "Dedic, Slavko"]
[Result "1-0"]
[WhiteElo "2340"]
[BlackElo "1989"]
[PlyCount "97"]
[EventDate "2009.08.09"]
[EventRounds "9"]

1. e4 d6 2. d4 Nf6 3. Nc3 g6 4. Nf3 Bg7 5. Be3 O-O 6. Qd2 Ng4 7. Bg5 f6 8. Bh4
c5 9. h3 Nh6 10. Bc4+ Kh8 11. O-O cxd4 12. Nxd4 Nc6 13. Ne6 Bxe6 14. Bxe6 Qa5
15. Rad1 Nd8 16. Bb3 Nc6 17. Rfe1 Rfd8 18. f3 Rf8 19. Bf2 Rac8 20. Be6 Ra8 21.
a3 Ng8 22. Qe2 Nd8 23. Bb3 Nc6 24. Nd5 Bh6 25. Rf1 Rac8 26. Be1 Qd8 27. Kh1 Na5
28. Ba2 Nc6 29. f4 e5 30. Bc3 Qe8 31. Rd3 Nge7 32. Ne3 Bxf4 33. Nc4 Ra8 34.
Nxd6 Qb8 35. Rxf4 exf4 36. e5 Nf5 37. Nxf5 fxe5 38. Nd6 h5 39. Bxe5+ Kh7 40.
Bc3 Qc7 41. Nb5 Qc8 42. Be6 Re8 43. Bxc8 Rxe2 44. Bxb7 Rb8 45. Bxc6 Rxc2 46.
Rd7+ Kh6 47. h4 g5 48. Rd6+ Kh7 49. Be4+ 1-0

[Event "Memorijal Danilo - Dajo Batricevic"]
[Site "Cetinje"]
[Date "2009.08.10"]
[Round "2.22"]
[White "Rasovic, Uros"]
[Black "Popovic, Mladen"]
[Result "0-1"]
[WhiteElo "1939"]
[BlackElo "2190"]
[PlyCount "70"]
[EventDate "2009.08.09"]
[EventRounds "9"]

1. d4 Nf6 2. c4 g6 3. Nc3 Bg7 4. e4 O-O 5. Nf3 d6 6. Be2 Bg4 7. O-O Nfd7 8. h3
Bxf3 9. Bxf3 Nc6 10. Be3 e5 11. d5 Nd4 12. Nb5 Nxf3+ 13. Qxf3 a6 14. Nc3 f5 15.
Qe2 f4 16. Bd2 f3 17. gxf3 Qh4 18. Kh2 Bh6 19. Bxh6 Qxh6 20. Rg1 Qf4+ 21. Kg2
Rf7 22. Qe3 Raf8 23. Rge1 Qh4 24. Ne2 Rxf3 25. Qxf3 Rxf3 26. Kxf3 Nc5 27. Ng3
Nd3 28. Rf1 Nxb2 29. Rac1 Nd3 30. Rc3 Nf4 31. Rh1 b6 32. Re3 Qf6 33. Ra3 Nd3+
34. Ke2 Qxf2+ 35. Kd1 Qxg3 0-1

[Event "Memorijal Danilo - Dajo Batricevic"]
[Site "Cetinje"]
[Date "2009.08.10"]
[Round "2.23"]
[White "Batricevic, Jovo"]
[Black "Markovic, Danko"]
[Result "1/2-1/2"]
[WhiteElo "2184"]
[BlackElo "1946"]
[PlyCount "87"]
[EventDate "2009.08.09"]
[EventRounds "9"]

1. d4 Nf6 2. Bg5 Ne4 3. h4 d5 4. Nd2 Nxd2 5. Qxd2 Nc6 6. h5 h6 7. Bh4 Bf5 8. e3
a6 9. Nf3 Qd7 10. Bg3 e6 11. Ne5 Nxe5 12. Bxe5 f6 13. Bf4 Bd6 14. Bd3 Bxf4 15.
exf4 O-O-O 16. O-O-O Bxd3 17. Qxd3 Qd6 18. g3 Rhf8 19. Rhe1 Kb8 20. Re3 Rfe8
21. Rde1 Re7 22. Qe2 Rde8 23. Qg4 Qb6 24. c3 c5 25. dxc5 Qxc5 26. Rxe6 Rxe6 27.
Rxe6 Rxe6 28. Qxe6 Qxf2 29. Qg8+ Ka7 30. Qxd5 Qe1+ 31. Kc2 Qxg3 32. Qf5 Qf2+
33. Kb3 Qb6+ 34. Ka3 Qd6+ 35. b4 Qd2 36. Kb3 Kb8 37. a3 Qe2 38. c4 Qf3+ 39. Kb2
Qe2+ 40. Kb3 Qf3+ 41. Kb2 Qe2+ 42. Kc3 Qe3+ 43. Kb2 Qe2+ 44. Kb3 1/2-1/2

[Event "Memorijal Danilo - Dajo Batricevic"]
[Site "Cetinje"]
[Date "2009.08.10"]
[Round "2.24"]
[White "Bajkovic, Nikola"]
[Black "Stamatovic, Vladimir"]
[Result "1-0"]
[WhiteElo "2143"]
[BlackElo "1908"]
[PlyCount "91"]
[EventDate "2009.08.09"]
[EventRounds "9"]

1. c4 g6 2. Nc3 Bg7 3. g3 e5 4. Bg2 Nc6 5. d3 Nh6 6. Nf3 O-O 7. O-O d6 8. Rb1
Nf5 9. b4 a6 10. a4 h6 11. b5 axb5 12. axb5 Nb8 13. e4 Ne7 14. Bd2 Nd7 15. Ne1
Nc5 16. f4 f5 17. Qc2 c6 18. Nf3 Ne6 19. Ne2 Bd7 20. b6 Ra6 21. fxe5 dxe5 22.
c5 Bc8 23. Ra1 Rxa1 24. Rxa1 g5 25. Ra4 g4 26. Nh4 f4 27. Bf1 f3 28. Nc1 Nd4
29. Qd1 Kh7 30. Be3 Ne6 31. Nb3 Bf6 32. Bf2 Bxh4 33. gxh4 Ng6 34. Qe1 Qe7 35.
d4 exd4 36. Nxd4 Nxc5 37. Ra7 Qxe4 38. Qc3 Qe5 39. Ra5 Ne4 40. Qe1 Qe7 41. Bd3
Rf4 42. h5 c5 43. hxg6+ Kxg6 44. Qe3 Kg5 45. Bxe4 Qxe4 46. Rxc5+ 1-0

[Event "Memorijal Danilo - Dajo Batricevic"]
[Site "Cetinje"]
[Date "2009.08.10"]
[Round "2.25"]
[White "Jovancevic, Jovan"]
[Black "Luksic, Vladimir"]
[Result "1/2-1/2"]
[WhiteElo "1887"]
[BlackElo "2143"]
[PlyCount "114"]
[EventDate "2009.08.09"]
[EventRounds "9"]

1. d4 Nf6 2. c4 g6 3. Nc3 Bg7 4. e4 O-O 5. Nf3 d6 6. Be2 Nbd7 7. O-O e5 8. d5
Nc5 9. Nd2 a5 10. b3 Bh6 11. Qc2 Bd7 12. a3 Qe7 13. Rb1 b6 14. b4 axb4 15. axb4
Na4 16. Na2 Ne8 17. Nb3 Bxc1 18. Rbxc1 f5 19. f3 Nf6 20. c5 bxc5 21. bxc5 Nh5
22. cxd6 cxd6 23. Rfe1 Nf4 24. Bf1 fxe4 25. fxe4 Qg5 26. Kh1 Rf7 27. Qd2 Qf6
28. Nb4 Rb8 29. Na5 Nc5 30. Nbc6 Rbf8 31. Rb1 Nh5 32. g3 Qxf1+ 33. Rxf1 Rxf1+
34. Rxf1 Rxf1+ 35. Kg2 Nxe4 36. Qh6 Rf2+ 37. Kg1 Rf7 38. Kg2 Nf2 39. Ne7+ Rxe7
40. Kxf2 Rf7+ 41. Kg2 Bg4 42. Qd2 Bf3+ 43. Kg1 Nf6 44. Nc4 Bxd5 45. Nxd6 Rd7
46. Qb2 Re7 47. Qb8+ Kg7 48. Qd8 Ra7 49. Ne8+ Nxe8 50. Qxe8 Ra1+ 51. Kf2 Ra2+
52. Ke3 Ra3+ 53. Kd2 Ra2+ 54. Kc3 Bf7 55. Qxe5+ Kg8 56. h4 h5 57. Kd4 Ra8
1/2-1/2

[Event "Memorijal Danilo - Dajo Batricevic"]
[Site "Cetinje"]
[Date "2009.08.10"]
[Round "2.26"]
[White "Jokic, Miodrag"]
[Black "Delevic, Nina"]
[Result "1-0"]
[WhiteElo "2138"]
[BlackElo "1761"]
[PlyCount "57"]
[EventDate "2009.08.09"]
[EventRounds "9"]

1. d4 Nf6 2. c4 g6 3. Nc3 Bg7 4. e4 d6 5. Nf3 O-O 6. h3 Re8 7. Be2 e5 8. d5 Nh5
9. Nh2 Nf4 10. Bf3 f5 11. h4 fxe4 12. Nxe4 Bf5 13. g3 Bxe4 14. Bxe4 Nh5 15. Ng4
Rf8 16. Bg5 Nf6 17. h5 Qe8 18. Bxf6 Bxf6 19. hxg6 hxg6 20. Rh6 Kg7 21. Rxg6+
Qxg6 22. Bxg6 Kxg6 23. Qd3+ Kg7 24. Ke2 Nd7 25. Qf5 Rad8 26. Rh1 Bh4 27. Qe6
Bf6 28. Rh6 Nc5 29. Qf5 1-0